000 00489nam a2200205Ia 4500
003 OSt
005 20140321075849.0
008 140130s9999 xx 000 0 und d
020 _a0516278193
050 _aPZ 8.3
_b.P27472Ge 2002
100 _aPearson, Mary
245 _cMary Pearson
_aGenerous Me /
260 _bScholastic,
_c2002.
_aNew York :
300 _a40 p. :
_bcol. ill. ;
_c19 cm.
440 _v1
521 _aG1
526 _c270
942 _cBK
_2lcc
999 _c40070
_d40070